<?xml version="1.0" encoding="UTF-8"?>
<record
    xmlns:xsi="http://www.w3.org/2001/XMLSchema-instance"
    xsi:schemaLocation="http://www.loc.gov/MARC21/slim http://www.loc.gov/standards/marcxml/schema/MARC21slim.xsd"
    xmlns="http://www.loc.gov/MARC21/slim">

  <leader>00745nam a2200181Ia 4500</leader>
  <controlfield tag="008">090630s9999    xx            000 0 und d</controlfield>
  <datafield tag="082" ind1=" " ind2=" ">
    <subfield code="b">21001</subfield>
  </datafield>
  <datafield tag="100" ind1=" " ind2=" ">
    <subfield code="a">&#x91C;&#x93E;&#x92F;&#x938;&#x94D;&#x935;&#x93E;&#x932; &#x91C;&#x92F;&#x928;&#x93E;&#x930;&#x93E;&#x92F;&#x923;.</subfield>
  </datafield>
  <datafield tag="245" ind1=" " ind2=" ">
    <subfield code="a">&#x91A;&#x941;&#x902;&#x92C;&#x915;&#x940;&#x92F; &#x91A;&#x93F;&#x915;&#x93F;&#x924;&#x94D;&#x938;&#x93E; &#x915;&#x93E; &#x935; &#x915;&#x936;&#x940; ?.</subfield>
    <subfield code="c">&#x91C;&#x93E;&#x92F;&#x938;&#x94D;&#x935;&#x93E;&#x932; &#x91C;&#x92F;&#x928;&#x93E;&#x930;&#x93E;&#x92F;&#x923;.</subfield>
  </datafield>
  <datafield tag="260" ind1=" " ind2=" ">
    <subfield code="b">&#x92E;&#x947;&#x939;&#x924;&#x93E;.</subfield>
  </datafield>
  <datafield tag="300" ind1=" " ind2=" ">
    <subfield code="a">0</subfield>
  </datafield>
  <datafield tag="600" ind1=" " ind2=" ">
    <subfield code="a">&#x91C;&#x93E;&#x92F;&#x938;&#x94D;&#x935;&#x93E;&#x932; &#x91C;&#x92F;&#x928;&#x93E;&#x930;&#x93E;&#x92F;&#x923;.</subfield>
  </datafield>
  <datafield tag="630" ind1=" " ind2=" ">
    <subfield code="a">&#x91A;&#x941;&#x902;&#x92C;&#x915;&#x940;&#x92F; &#x91A;&#x93F;&#x915;&#x93F;&#x924;&#x94D;&#x938;&#x93E; &#x915;&#x93E; &#x935; &#x915;&#x936;&#x940; ?.</subfield>
  </datafield>
  <datafield tag="655" ind1=" " ind2=" ">
    <subfield code="a">&#x907;&#x924;&#x930;.</subfield>
  </datafield>
  <datafield tag="700" ind1=" " ind2=" ">
    <subfield code="a">&#x91C;&#x93E;&#x92F;&#x938;&#x94D;&#x935;&#x93E;&#x932; &#x91C;&#x92F;&#x928;&#x93E;&#x930;&#x93E;&#x92F;&#x923;.</subfield>
  </datafield>
  <datafield tag="730" ind1=" " ind2=" ">
    <subfield code="a">&#x91A;&#x941;&#x902;&#x92C;&#x915;&#x940;&#x92F; &#x91A;&#x93F;&#x915;&#x93F;&#x924;&#x94D;&#x938;&#x93E; &#x915;&#x93E; &#x935; &#x915;&#x936;&#x940; ?.</subfield>
  </datafield>
  <datafield tag="942" ind1=" " ind2=" ">
    <subfield code="c">BOOK</subfield>
  </datafield>
  <datafield tag="999" ind1=" " ind2=" ">
    <subfield code="c">272857</subfield>
    <subfield code="d">272857</subfield>
  </datafield>
  <datafield tag="952" ind1=" " ind2=" ">
    <subfield code="0">0</subfield>
    <subfield code="1">0</subfield>
    <subfield code="4">0</subfield>
    <subfield code="7">0</subfield>
    <subfield code="a">SAWASHRI</subfield>
    <subfield code="b">SAWASHRI</subfield>
    <subfield code="d">2004-02-08</subfield>
    <subfield code="g">25.00</subfield>
    <subfield code="l">0</subfield>
    <subfield code="o">21001</subfield>
    <subfield code="p">SAWASHRI-21001</subfield>
    <subfield code="r">2009-06-30 00:00:00</subfield>
    <subfield code="v">25.00</subfield>
    <subfield code="w">2009-06-30</subfield>
    <subfield code="y">BOOK</subfield>
  </datafield>
</record>
